000 00983nam a2200253Ia 4500
003 PE SENCICO BE
005 20251020182427.0
008 200515s9999 xx 000 0 und d
020 _a84-8055-893-8
040 _aPE SENCICO BE
_cPE SENCICO BE
041 _aspa
082 _a177
_bV
245 1 0 _aLos valores en la convivencia humana /
_cHugo Cobos, Javier Ladino, Milton Luna, ...[y otros]
260 _aMadrid :
_bGrupo Cultural ;
_c2006
300 _a447 p. :
_bilustraciones a color, tablas ;
_c27 cm.
505 0 _aUrbanidad en el ámbito público y privado -- Uso de los espacios públicos -- Etiqueta y relacionamiento social -- Solución de conflictos -- Celebraciones internacionales y eventos importantes en la vida
650 1 0 _aValores sociales
_92308
650 2 0 _aUrbanidad
_92309
650 2 0 _aCortesía
_92310
700 1 _92305
_aCobos, Hugo
_eautor
700 1 _92306
_aLadino, Javier
_eautor
700 1 _92307
_aLuna, Milton
_eautor
942 _cLIB
_2ddc
999 _c139
_d139